1190 1200 1490 1927 1688 1631 1860 1195 1398 1547 1547 1044 1914 1554 1435 1147 1466 1401 1241 1036 1249 1083 1213 1145 1341 1895 1331 1139 1983 1456 1073 1042 1952 1496 1772 1121 1201 1130 1484 1024 1968 1714 1858 1544 1546 1257 1604 1159 1744 1747 1188 1536 1073 1803 1943 1383 1746 1209 1950 1444 1753 1114 1001 1912 1929 1260 1526 1507 1463 1157 1137 1315 1637 1487 1276 1082 1633 1385 1470 1379 1955 1516 1436 1081 1332 1304 1779 1352 1143 1002 1770 1449 1281 1036 1131 1150 1054 1567 1689 BCNSPRNW ULIB Ver.6.0+V

เปลี่ยนเป็นภาษาไทย

Change to English
 แสดงรายละเอียดบรรณานุกรม
  กลับหน้าหลัก

Brief Record : Get Marc (ISO 2709) : E-mail record : QR code < ปิดหน้าต่าง
LEADER : 00000nam 2200000uu 4500
001    13399126390
003     ULIB
008    180913s2561||||th 000 0 tha d
020    ^a9786161402884
050    ^aBF^bอ667ถ
100    ^aอาวาซี, เคียวอิจิโร
245    ^aถามเป็น ชีวิตเปลี่ยน
250    ^aพิมพ์ครั้งที่ 1
260    ^aกรุงเทพฯ :^bตถาตา พับลิเคชั่น,^c2561
300    ^a176 หน้า;^b19 ซม.
650    ^aจิตวิทยาประยุกต์
700 0  ^aบัณฑิต ประดิษฐานุวงศ์,ผู้แปล
945    ^p230^l0^i004614
999    ^aประนอม เกษจรัล
รายการนี้ยังไม่มีแท็ก
คุณยังไม่ได้ล็อกอิน คุณสามารถมีกิจกรรมร่วมกับเว็บไซต์ได้ แต่ต้องล็อกอินก่อน ::
  ล็อกอิน

รายการสื่อสารสนเทศ

ลำดับที่ ประเภท เลขเรียก/บาร์โค้ด สถานที่ สถานะ
1. การศึกษาทั่วไป
หนังสือสำรอง
สถานะ=หนังสือสำรอง
BF อ667ถ ฉ.1 
  Barcode: 004614
ห้องสมุดวิทยาเขตสวรรค์ประชารักษ์
►หนังสือทั่วไป
บนชั้น

รายการใกล้เคียง
    ชื่อเรื่อง [ถามเป็น ชีวิตเปลี่ยน]

    ผู้แต่ง [อาวาซี, เคียวอิจิโร]

    หัวเรื่อง [จิตวิทยาประยุกต์]

BibComment


ยังไม่เคยถูกคอมเมนท์

คอมเมนท์ทรัพยากรรายการนี้
  คอมเมนท์: ถามเป็น ชีวิตเปล..


 Copyright 2026. Bcnsprnw @Library